Statistics for Famous People from Nevada

Click here to take the quiz!

General Stats

  • This quiz has been taken 271 times
  • The average score is 4 of 8

Answer Stats

ClueHometownAnswer% Correct
Pete Sampras's rivalLas VegasAndre Agassi
74%
Late night host, formerly of "The Man Show"Las VegasJimmy Kimmel
50%
Former Senator Majority Leader who represented Nevada
from 1987-2017
SearchlightHarry Reid
49%
Braves pitcher who won 4 Cy Young awardsLas VegasGreg Maddux
47%
Undefeated welterweight champLas VegasFloyd Mayweather Jr.
44%
Developer of the Bellagio and Mirage casinosLas VegasSteve Wynn
40%
Senator and Las Vegas airport namesakeRenoPat McCarren
30%
3x Tour de France winner (not Lance Armstrong!)RenoGreg LeMond
22%

Score Distribution

Percentile by Number Answered

Percent of People with Each Score

Your Score History

You have not taken this quiz